000
00314nam a22001457a 4500
020
_a
0-141-31972-0
082
_a
823
_b
CRO/C
100
_a
CROWLE, NIGEL
245
_a
KNOW-IT-ALL GUIDES
260
_a
LONDON
_b
PENGUIN BOOKS
_c
2005
300
_a
120
520
_a
SHORT STORY
650
_a
SHORT STORY
942
_c
BK
999
_c
5784
_d
5784